[Event "Gatineau Rentree-B"]
[Site "Gatineau CAN"]
[Date "2017.10.03"]
[Round "4"]
[White "Clermont, Yves"]
[Black "Traversy, Pierre"]
[Result "1/2-1/2"]
[WhiteElo "1229"]
[BlackElo "1196"]
[WhiteFideId "-1"]
[WhiteFideId "-1"]
[PlyCount "89"]
[GameId "2160767908338615"]
[EventDate "2017.09.12"]
[EventType "swiss"]
[EventRounds "6"]
[EventCountry "CAN"]
[SourceTitle "EXT 2022"]
[Source "ChessBase"]
[SourceDate "2021.10.06"]
[SourceVersion "1"]
[SourceVersionDate "2021.10.06"]
[SourceQuality "1"]

1. e4 c5 2. Nf3 e6 3. d4 cxd4 4. Nxd4 Nc6 5. Nc3 a6 6. a3 d6 7. Be2 Be7 8. O-O Bd7 9. Be3 e5 10. Nxc6 Bxc6 11. Nd5 Bxd5 12. Qxd5 Nf6 13. Qb3 b5 14. f3 O-O 15. Rad1 Rc8 16. c4 bxc4 17. Bxc4 a5 18. Bb6 Qd7 19. Bxa5 Rb8 20. Bxf7+ Kh8 21. Qa2 Qa7+ 22. Kh1 Qxa5 23. Rc1 Qb6 24. b4 g6 25. Rc2 Kg7 26. Bb3 Qb5 27. Rfc1 Qe8 28. Bd5 Qb5 29. Qc4 Qxc4 30. Rxc4 Ne8 31. Rc8 Rxc8 32. Rxc8 Nf6 33. Rxf8 Kxf8 34. Bc6 Bd8 35. Kg1 Bb6+ 36. Kf1 Ke7 37. Ke2 Kd8 38. Kd3 Kc7 39. Kc4 Bd4 40. b5 Kb6 41. a4 Ka5 42. Kb3 Bb6 43. g4 g5 44. h3 h6 45. Bd5 1/2-1/2

[Event "Gatineau Rentree-B"]
[Site "Gatineau CAN"]
[Date "2017.10.03"]
[Round "4"]
[White "Iyamuremye, Gervais"]
[Black "Legare, Gilles"]
[Result "1-0"]
[WhiteElo "1494"]
[BlackElo "1125"]
[WhiteFideId "-1"]
[WhiteFideId "-1"]
[PlyCount "91"]
[GameId "2160767908338616"]
[EventDate "2017.09.12"]
[EventType "swiss"]
[EventRounds "6"]
[EventCountry "CAN"]
[SourceTitle "EXT 2022"]
[Source "ChessBase"]
[SourceDate "2021.10.06"]
[SourceVersion "1"]
[SourceVersionDate "2021.10.06"]
[SourceQuality "1"]

1. e4 c5 2. Nc3 e6 3. Nf3 Nc6 4. Bb5 d6 5. d4 Bd7 6. O-O Be7 7. d5 Ne5 8. Nxe5 Nf6 9. Bxd7+ Nxd7 10. Nxd7 Qxd7 11. dxe6 Qxe6 12. Nd5 Bd8 13. Bf4 O-O 14. c3 Qg6 15. c4 Kh8 16. e5 Rc8 17. exd6 Rc6 18. Ne7 Bxe7 19. dxe7 Re8 20. Re1 f6 21. Qd7 Rcc8 22. b3 h5 23. Qxb7 Qf5 24. Rad1 Qxf4 25. Qxc8 Rxc8 26. Rd8+ Rxd8 27. exd8=Q+ Kh7 28. Qd3+ f5 29. g3 Qg5 30. Qe3 Qf6 31. Qe5 Qg5 32. Qe7 Qd2 33. Re2 Qc1+ 34. Kg2 Kh6 35. Qe3+ Qxe3 36. Rxe3 Kg5 37. Re7 g6 38. Rxa7 h4 39. f4+ Kg4 40. Rg7 h3+ 41. Kf2 Kh5 42. Rc7 g5 43. fxg5 Kg4 44. g6 f4 45. gxf4 Kxf4 46. g7 1-0

[Event "Gatineau Rentree-B"]
[Site "Gatineau CAN"]
[Date "2017.10.03"]
[Round "4"]
[White "Masse-Garneau, Anthony"]
[Black "Lemieux, Richard"]
[Result "1/2-1/2"]
[WhiteElo "1408"]
[BlackElo "1552"]
[WhiteFideId "-1"]
[WhiteFideId "-1"]
[PlyCount "46"]
[GameId "2160767908338617"]
[EventDate "2017.09.12"]
[EventType "swiss"]
[EventRounds "6"]
[EventCountry "CAN"]
[SourceTitle "EXT 2022"]
[Source "ChessBase"]
[SourceDate "2021.10.06"]
[SourceVersion "1"]
[SourceVersionDate "2021.10.06"]
[SourceQuality "1"]

1. d4 Nf6 2. c4 e5 3. dxe5 Ng4 4. Bf4 Nc6 5. Nf3 Bb4+ 6. Nbd2 Qe7 7. e3 Ngxe5 8. Nxe5 Nxe5 9. a3 Bxd2+ 10. Qxd2 O-O 11. Be2 d6 12. O-O Be6 13. Qc3 f6 14. Rfd1 g5 15. Bxe5 fxe5 16. Bf3 Qf7 17. Rd2 c6 18. Rxd6 g4 19. Qxe5 Rae8 20. Qg3 Kh8 21. Qe5+ Kg8 22. Qg5+ Kh8 23. Qe5+ Kg8 1/2-1/2

[Event "Gatineau Rentree-B"]
[Site "Gatineau CAN"]
[Date "2017.10.03"]
[Round "4"]
[White "Renaud, Alexandre"]
[Black "Ethier, Valori"]
[Result "0-1"]
[WhiteElo "1168"]
[BlackElo "1380"]
[WhiteFideId "-1"]
[WhiteFideId "-1"]
[PlyCount "54"]
[GameId "2160767908338618"]
[EventDate "2017.09.12"]
[EventType "swiss"]
[EventRounds "6"]
[EventCountry "CAN"]
[SourceTitle "EXT 2022"]
[Source "ChessBase"]
[SourceDate "2021.10.06"]
[SourceVersion "1"]
[SourceVersionDate "2021.10.06"]
[SourceQuality "1"]

1. d4 d5 2. c4 c6 3. e3 Bf5 4. Nf3 e6 5. Nc3 h6 6. c5 Nd7 7. b3 Ngf6 8. Be2 Be7 9. O-O O-O 10. Nh4 Bh7 11. Bd3 Ne4 12. Bxe4 Bxe4 13. Nxe4 dxe4 14. g3 Bxh4 15. gxh4 Qxh4 16. f3 Rad8 17. fxe4 Qxe4 18. Rf4 Qg6+ 19. Rg4 Qh7 20. e4 Nxc5 21. Qf3 Rxd4 22. Be3 Rd3 23. Qh3 Nxe4 24. Bxh6 Rxh3 25. Rxg7+ Qxg7+ 26. Bxg7 Kxg7 27. Kg2 Rfh8 0-1

[Event "Gatineau Rentree-B"]
[Site "Gatineau CAN"]
[Date "2017.10.03"]
[Round "4"]
[White "Rioux, Jocelyn"]
[Black "Sabourin, Yves"]
[Result "1-0"]
[WhiteElo "1454"]
[BlackElo "1462"]
[WhiteFideId "-1"]
[WhiteFideId "-1"]
[PlyCount "51"]
[GameId "2160767908338619"]
[EventDate "2017.09.12"]
[EventType "swiss"]
[EventRounds "6"]
[EventCountry "CAN"]
[SourceTitle "EXT 2022"]
[Source "ChessBase"]
[SourceDate "2021.10.06"]
[SourceVersion "1"]
[SourceVersionDate "2021.10.06"]
[SourceQuality "1"]

1. e4 e5 2. Nf3 Nf6 3. Nxe5 d6 4. Nf3 Nxe4 5. d4 d5 6. Bd3 Bf5 7. Qe2 Bd6 8. Nbd2 Qe7 9. O-O Nxd2 10. Qxd2 Bxd3 11. Qxd3 O-O 12. Re1 Qd7 13. Ng5 g6 14. Bd2 c6 15. Re3 h6 16. Ne6 Re8 17. Nc5 Rxe3 18. Bxe3 Bxc5 19. dxc5 Kh7 20. h4 Na6 21. a3 Qe7 22. Qd4 Nc7 23. Qf4 h5 24. Qh6+ Kg8 25. Bd4 Ne6 26. Qh8# 1-0

[Event "Gatineau Rentree-B"]
[Site "Gatineau CAN"]
[Date "2017.10.10"]
[Round "5"]
[White "Arcand, Pierre"]
[Black "Simard, Paul"]
[Result "1/2-1/2"]
[WhiteElo "1315"]
[BlackElo "1193"]
[WhiteFideId "-1"]
[WhiteFideId "-1"]
[PlyCount "95"]
[GameId "2160767908338620"]
[EventDate "2017.09.12"]
[EventType "swiss"]
[EventRounds "6"]
[EventCountry "CAN"]
[SourceTitle "EXT 2022"]
[Source "ChessBase"]
[SourceDate "2021.10.06"]
[SourceVersion "1"]
[SourceVersionDate "2021.10.06"]
[SourceQuality "1"]

1. e4 e5 2. Nf3 d6 3. Nc3 Be7 4. Bb5+ Nd7 5. O-O Ngf6 6. d4 c6 7. Bd3 O-O 8. dxe5 dxe5 9. b3 b5 10. Bb2 Nc5 11. h3 Nxd3 12. cxd3 Bd6 13. Qd2 h6 14. Ne2 Nh5 15. Bxe5 Re8 16. Bxd6 Qxd6 17. g4 Nf6 18. Rfd1 Qc5 19. d4 Qb6 20. e5 Ne4 21. Qf4 Ng5 22. Nxg5 hxg5 23. Qxg5 Be6 24. Nf4 Qd8 25. Nxe6 Rxe6 26. Qxd8+ Rxd8 27. Rd2 Rh6 28. Rd3 a5 29. Rad1 Rc8 30. Rc1 Rd8 31. Rc5 Kf8 32. Kg2 Re6 33. f4 g6 34. d5 cxd5 35. Rdxd5 Rxd5 36. Rxd5 a4 37. b4 Rc6 38. Rd2 Rc4 39. a3 Rxf4 40. Rd3 Rc4 41. Re3 g5 42. Kg3 Rc1 43. h4 Rg1+ 44. Kh2 Rxg4 45. hxg5 Rxg5 46. Kh3 Kg7 47. e6 fxe6 48. Rxe6 1/2-1/2

[Event "Gatineau Rentree-B"]
[Site "Gatineau CAN"]
[Date "2017.10.10"]
[Round "5"]
[White "Bourbonnais, Luc"]
[Black "Iyamuremye, Gervais"]
[Result "0-1"]
[WhiteElo "1296"]
[BlackElo "1494"]
[WhiteFideId "-1"]
[WhiteFideId "-1"]
[PlyCount "42"]
[GameId "2160767738434566"]
[EventDate "2017.09.12"]
[EventType "swiss"]
[EventRounds "6"]
[EventCountry "CAN"]
[SourceTitle "EXT 2022"]
[Source "ChessBase"]
[SourceDate "2021.10.06"]
[SourceVersion "1"]
[SourceVersionDate "2021.10.06"]
[SourceQuality "1"]

1. e4 e5 2. Nf3 d6 3. d4 Nf6 4. Bd3 Bg4 5. dxe5 dxe5 6. Bb5+ Nbd7 7. Nc3 Bb4 8. Bd2 O-O 9. Bd3 Re8 10. O-O Nc5 11. Qe2 c6 12. a3 Nxd3 13. cxd3 Bc5 14. Rac1 Bd4 15. b4 a5 16. Nd1 axb4 17. axb4 Ra2 18. Qe1 Bxf3 19. gxf3 Qb6 20. Be3 Rd8 21. Nc3 Bxe3 {Time} 0-1

[Event "Gatineau Rentree-B"]
[Site "Gatineau CAN"]
[Date "2017.10.10"]
[Round "5"]
[White "Lecorre, Joel"]
[Black "Clermont, Yves"]
[Result "1-0"]
[WhiteElo "1475"]
[BlackElo "1229"]
[WhiteFideId "-1"]
[WhiteFideId "-1"]
[PlyCount "91"]
[GameId "2160767908338622"]
[EventDate "2017.09.12"]
[EventType "swiss"]
[EventRounds "6"]
[EventCountry "CAN"]
[SourceTitle "EXT 2022"]
[Source "ChessBase"]
[SourceDate "2021.10.06"]
[SourceVersion "1"]
[SourceVersionDate "2021.10.06"]
[SourceQuality "1"]

1. e4 c5 2. Nc3 e6 3. g3 Nc6 4. Bg2 Nf6 5. f4 d6 6. Nge2 Be7 7. d4 cxd4 8. Nxd4 Bd7 9. Be3 a6 10. O-O O-O 11. h3 Qc7 12. Nce2 Rac8 13. c3 b5 14. g4 e5 15. Nf5 Bxf5 16. exf5 Rfd8 17. Ng3 d5 18. g5 Ne4 19. Qg4 Nxg3 20. Qxg3 exf4 21. Bxf4 Bd6 22. Rad1 Ne7 23. Qg4 Bxf4 24. Rxf4 Qc5+ 25. Kh1 Rd6 26. h4 Rcd8 27. h5 d4 28. cxd4 Qc2 29. Rdf1 Qxb2 30. f6 Nd5 31. R4f2 Qc3 32. Rf3 Qb2 33. fxg7 Ne3 34. Rxe3 Rxd4 35. Re4 Rxe4 36. Bxe4 Qxg7 37. Qf5 Kf8 38. g6 hxg6 39. Qxg6 Qxg6 40. Bxg6 Rd7 41. Kg2 Kg7 42. Be4 Rd2+ 43. Rf2 Rxf2+ 44. Kxf2 Kh6 45. Bf3 f5 46. Ke3 1-0

[Event "Gatineau Rentree-B"]
[Site "Gatineau CAN"]
[Date "2017.10.10"]
[Round "5"]
[White "Lemieux, Richard"]
[Black "Rioux, Jocelyn"]
[Result "0-1"]
[WhiteElo "1552"]
[BlackElo "1454"]
[WhiteFideId "-1"]
[WhiteFideId "-1"]
[PlyCount "80"]
[GameId "2160767908338623"]
[EventDate "2017.09.12"]
[EventType "swiss"]
[EventRounds "6"]
[EventCountry "CAN"]
[SourceTitle "EXT 2022"]
[Source "ChessBase"]
[SourceDate "2021.10.06"]
[SourceVersion "1"]
[SourceVersionDate "2021.10.06"]
[SourceQuality "1"]

1. e4 e6 2. d4 d5 3. exd5 exd5 4. Nf3 Nf6 5. Bd3 Bd6 6. Bg5 Qe7+ 7. Qe2 Qxe2+ 8. Bxe2 Ne4 9. Nbd2 Nxg5 10. Nxg5 Bf4 11. Ngf3 O-O 12. O-O Bg4 13. Rfe1 Nd7 14. Bd3 Nf6 15. h3 Bh5 16. g3 Bxd2 17. Nxd2 Rae8 18. Re5 Bg6 19. Bxg6 hxg6 20. Rae1 Rxe5 21. dxe5 Re8 22. Kf1 Nd7 23. f4 f6 24. Nf3 Nc5 25. Nd2 Nd7 26. e6 Nc5 27. Nb3 Ne4 28. e7 Rxe7 29. Kg2 b6 30. Nd2 Kf7 31. Nf3 c5 32. c3 Nd6 33. Rxe7+ Kxe7 34. g4 Nc4 35. b3 Ne3+ 36. Kg1 Nd1 37. c4 dxc4 38. bxc4 Nc3 39. a3 Ne2+ 40. Kf2 Nxf4 0-1

[Event "Gatineau Rentree-B"]
[Site "Gatineau CAN"]
[Date "2017.10.10"]
[Round "5"]
[White "Masse-Garneau, Anthony"]
[Black "Seguin, Hubert"]
[Result "0-1"]
[WhiteElo "1408"]
[BlackElo "1597"]
[WhiteFideId "-1"]
[WhiteFideId "-1"]
[PlyCount "74"]
[GameId "2160767908338624"]
[EventDate "2017.09.12"]
[EventType "swiss"]
[EventRounds "6"]
[EventCountry "CAN"]
[SourceTitle "EXT 2022"]
[Source "ChessBase"]
[SourceDate "2021.10.06"]
[SourceVersion "1"]
[SourceVersionDate "2021.10.06"]
[SourceQuality "1"]

1. d4 d5 2. c4 c6 3. cxd5 cxd5 4. Nf3 Nf6 5. Bg5 e6 6. e3 Be7 7. Nc3 Nc6 8. Bd3 h6 9. Bh4 O-O 10. O-O a6 11. Rc1 Bd7 12. a3 b5 13. b4 Qc7 14. e4 dxe4 15. Nxe4 g5 16. Nfxg5 hxg5 17. Bxg5 Nd5 18. Bxe7 Ndxe7 19. Qg4+ Ng6 20. Nf6+ Kg7 21. Qg5 Rh8 22. Nh5+ Rxh5 23. Qxh5 Rh8 24. Bxg6 Rxh5 25. Bxh5 Qf4 26. g3 Qf5 27. Rc5 Qe4 28. f3 Qxd4+ 29. Kh1 Ne5 30. f4 Bc6+ 31. Rxc6 Nxc6 32. Rd1 Qe4+ 33. Kg1 Nd4 34. Kf1 Kh6 35. Bxf7 Qe2+ 36. Kg1 Nf3+ 37. Kh1 Qxh2# 0-1

[Event "Gatineau Rentree-B"]
[Site "Gatineau CAN"]
[Date "2017.10.10"]
[Round "5"]
[White "Traversy, Pierre"]
[Black "Dupont-Mageau, Nicolas"]
[Result "1/2-1/2"]
[WhiteElo "1196"]
[BlackElo "1449"]
[WhiteFideId "-1"]
[WhiteFideId "-1"]
[PlyCount "93"]
[GameId "2160767908338625"]
[EventDate "2017.09.12"]
[EventType "swiss"]
[EventRounds "6"]
[EventCountry "CAN"]
[SourceTitle "EXT 2022"]
[Source "ChessBase"]
[SourceDate "2021.10.06"]
[SourceVersion "1"]
[SourceVersionDate "2021.10.06"]
[SourceQuality "1"]

1. d4 Nf6 2. c4 e6 3. Nc3 Bb4 4. Qc2 O-O 5. a3 Bxc3+ 6. bxc3 d5 7. cxd5 Qxd5 8. Nf3 b6 9. Bb2 Bb7 10. c4 Qc6 11. e3 Nbd7 12. Bd3 Qd6 13. a4 h6 14. Ba3 c5 15. Bb2 Ng4 16. Be4 Bc6 17. Bxc6 Qxc6 18. h3 Ngf6 19. Rd1 Rac8 20. O-O cxd4 21. Nxd4 Qxc4 22. Qxc4 Rxc4 23. Ra1 a6 24. Rfc1 Rfc8 25. Ne2 Rxc1+ 26. Nxc1 Rc2 27. Nd3 Rd2 28. Bxf6 Nxf6 29. Ra3 Kf8 30. f3 Ke7 31. Nf4 Kd6 32. Kf1 g5 33. Ke1 Rb2 34. Rd3+ Kc5 35. Ne2 b5 36. axb5 Rxb5 37. e4 Rb8 38. Rc3+ Kd6 39. Kd2 a5 40. Kc2 a4 41. Nc1 Nd7 42. Nd3 Rb6 43. Nb2 Nc5 44. Nc4+ Kc6 45. Nxb6 Kxb6 46. Kb2 Kb5 47. Ka3 1/2-1/2

[Event "Gatineau Rentree-B"]
[Site "Gatineau CAN"]
[Date "2017.10.17"]
[Round "6"]
[White "Berthiaume, Serge"]
[Black "Lemieux, Richard"]
[Result "0-1"]
[WhiteElo "1461"]
[BlackElo "1552"]
[WhiteFideId "-1"]
[WhiteFideId "-1"]
[PlyCount "92"]
[GameId "2160767908338626"]
[EventDate "2017.09.12"]
[EventType "swiss"]
[EventRounds "6"]
[EventCountry "CAN"]
[SourceTitle "EXT 2022"]
[Source "ChessBase"]
[SourceDate "2021.10.06"]
[SourceVersion "1"]
[SourceVersionDate "2021.10.06"]
[SourceQuality "1"]

1. e4 e5 2. Nf3 Nc6 3. Bc4 Nf6 4. d4 exd4 5. O-O Be7 6. e5 Ng8 7. c3 d5 8. exd6 Qxd6 9. Re1 Bg4 10. Qd3 Nf6 11. Ng5 Ne5 12. Bf4 Nxd3 13. Bxd6 Nxe1 14. Bxe7 Nc2 15. Bc5 Be6 16. Nxe6 fxe6 17. Bxe6 dxc3 18. Nxc3 Nxa1 19. Bf5 b6 20. Be3 O-O 21. Nb5 Rad8 22. g3 Rd1+ 23. Kg2 Kh8 24. Nxc7 Nd5 25. Nxd5 Rxf5 26. Nc3 Rd3 27. g4 Rf8 28. Nb5 Rxe3 29. fxe3 a6 30. Nd6 Nc2 31. e4 g5 32. Kg3 Nd4 33. e5 Rf3+ 34. Kg2 Re3 35. Kf2 Re2+ 36. Kg3 Rxb2 37. Nf7+ Kg7 38. Nxg5 h6 39. Ne4 Rxa2 40. h4 Ne6 41. g5 Ra3+ 42. Kg4 hxg5 43. hxg5 Ra4 44. Kf5 Nd4+ 45. Kg4 Kg6 46. Kg3 Kf5 0-1

[Event "Gatineau Rentree-B"]
[Site "Gatineau CAN"]
[Date "2017.10.17"]
[Round "6"]
[White "Iyamuremye, Gervais"]
[Black "Masse-Garneau, Anthony"]
[Result "1/2-1/2"]
[WhiteElo "1494"]
[BlackElo "1408"]
[WhiteFideId "-1"]
[WhiteFideId "-1"]
[PlyCount "104"]
[GameId "2160767908338628"]
[EventDate "2017.09.12"]
[EventType "swiss"]
[EventRounds "6"]
[EventCountry "CAN"]
[SourceTitle "EXT 2022"]
[Source "ChessBase"]
[SourceDate "2021.10.06"]
[SourceVersion "1"]
[SourceVersionDate "2021.10.06"]
[SourceQuality "1"]

1. e4 d5 2. exd5 Qxd5 3. Nc3 Qd8 4. Nf3 Bg4 5. Be2 Nd7 6. d3 e6 7. h3 Bh5 8. a3 Ngf6 9. Bf4 Bd6 10. Bxd6 cxd6 11. Nd2 Bxe2 12. Qxe2 d5 13. O-O O-O 14. Nf3 a6 15. Ne5 Qc7 16. Nxd7 Qxd7 17. d4 Rac8 18. Nd1 Ne4 19. c3 f5 20. Ne3 Rf6 21. Rac1 b5 22. Rfd1 Nd6 23. a4 Nc4 24. axb5 Nxe3 25. fxe3 Qxb5 26. Qxb5 axb5 27. Ra1 f4 28. exf4 Rxf4 29. Rf1 Rxf1+ 30. Kxf1 Rc6 31. Ke2 b4 32. Kd3 bxc3 33. bxc3 Kf7 34. Ra4 Kf6 35. Ra7 Rb6 36. Ra2 Rb1 37. Rf2+ Ke7 38. Rc2 Rg1 39. c4 dxc4+ 40. Kxc4 Rb1 41. d5 Rb7 42. Re2 Rb6 43. Rxe6+ Rxe6 44. dxe6 Kxe6 45. Kd4 Kf5 46. Ke3 Kg5 47. g3 Kf5 48. Kf3 h5 49. Ke3 g5 50. Kf3 h4 51. g4+ Ke5 52. Ke3 Kd5 1/2-1/2

[Event "Gatineau Rentree-B"]
[Site "Gatineau CAN"]
[Date "2017.10.17"]
[Round "6"]
[White "Legare, Gilles"]
[Black "Arcand, Pierre"]
[Result "0-1"]
[WhiteElo "1125"]
[BlackElo "1315"]
[WhiteFideId "-1"]
[WhiteFideId "-1"]
[PlyCount "84"]
[GameId "2160767908338629"]
[EventDate "2017.09.12"]
[EventType "swiss"]
[EventRounds "6"]
[EventCountry "CAN"]
[SourceTitle "EXT 2022"]
[Source "ChessBase"]
[SourceDate "2021.10.06"]
[SourceVersion "1"]
[SourceVersionDate "2021.10.06"]
[SourceQuality "1"]

1. e4 e5 2. Nf3 Nc6 3. c3 Nf6 4. d3 Be7 5. Be3 O-O 6. c4 d6 7. Nc3 Bg4 8. Be2 Qd7 9. Nd5 Nxd5 10. cxd5 Nd8 11. Bg5 Bxf3 12. Bxe7 Bxe2 13. Qxe2 Qxe7 14. O-O c6 15. f4 exf4 16. Qh5 Qf6 17. Rf2 cxd5 18. Qxd5 Qe5 19. Qb3 Rb8 20. Raf1 Ne6 21. Kh1 b6 22. Qd1 Rbc8 23. Rf3 Qxb2 24. R3f2 Qe5 25. h4 Rc3 26. h5 g6 27. Rf3 Qxh5+ 28. Kg1 Nd4 29. Rh3 Qxd1 30. Rxd1 Rc1 31. Rf1 Rxf1+ 32. Kxf1 Rc8 33. Ke1 a5 34. Rh4 Rc5 35. Kd2 f3 36. Ke3 fxg2 37. Rg4 Nc2+ 38. Kd2 Nb4 39. Kd1 Rc2 40. Rg5 Rf2 41. Ke1 Rf1+ 42. Ke2 g1=Q 0-1

[Event "Gatineau Rentree-B"]
[Site "Gatineau CAN"]
[Date "2017.10.17"]
[Round "6"]
[White "Rioux, Jocelyn"]
[Black "Lecorre, Joel"]
[Result "1/2-1/2"]
[WhiteElo "1454"]
[BlackElo "1475"]
[WhiteFideId "-1"]
[WhiteFideId "-1"]
[PlyCount "63"]
[GameId "2160767908338630"]
[EventDate "2017.09.12"]
[EventType "swiss"]
[EventRounds "6"]
[EventCountry "CAN"]
[SourceTitle "EXT 2022"]
[Source "ChessBase"]
[SourceDate "2021.10.06"]
[SourceVersion "1"]
[SourceVersionDate "2021.10.06"]
[SourceQuality "1"]

1. e4 d5 2. exd5 Qxd5 3. Nc3 Qd8 4. d4 Nf6 5. Nf3 Bg4 6. Be2 e6 7. Be3 c6 8. a3 Bd6 9. Qd2 Nbd7 10. h3 Bxf3 11. Bxf3 Nb6 12. Qd3 Nbd5 13. Nxd5 cxd5 14. Bg5 Rc8 15. c3 Be7 16. Qb5+ Qd7 17. Qxd7+ Kxd7 18. O-O Rc6 19. Rfe1 Rhc8 20. Re3 h6 21. Bf4 Bd6 22. Bxd6 Kxd6 23. Rc1 b5 24. Be2 a6 25. Rg3 g6 26. Rf3 Ke7 27. Re3 Ne8 28. Bf3 Kd6 29. Rce1 Nf6 30. Bd1 Ne4 31. Bf3 Nf6 32. Kf1 1/2-1/2

[Event "Gatineau Rentree-B"]
[Site "Gatineau CAN"]
[Date "2017.10.17"]
[Round "6"]
[White "Simard, Paul"]
[Black "Traversy, Pierre"]
[Result "1-0"]
[WhiteElo "1193"]
[BlackElo "1196"]
[WhiteFideId "-1"]
[WhiteFideId "-1"]
[PlyCount "68"]
[GameId "2160767908338632"]
[EventDate "2017.09.12"]
[EventType "swiss"]
[EventRounds "6"]
[EventCountry "CAN"]
[SourceTitle "EXT 2022"]
[Source "ChessBase"]
[SourceDate "2021.10.06"]
[SourceVersion "1"]
[SourceVersionDate "2021.10.06"]
[SourceQuality "1"]

1. e4 e5 2. Nf3 Nc6 3. Bc4 Be7 4. Nc3 d6 5. h3 a6 6. d4 b5 7. Bd5 Bd7 8. Bxc6 Bxc6 9. d5 Bd7 10. b4 Nf6 11. O-O Qc8 12. Bb2 O-O 13. Ne2 h6 14. Ng3 Nh7 15. Nd2 Nf6 16. f4 exf4 17. Rxf4 Nh7 18. Nb3 c5 19. bxc5 dxc5 20. Nf5 Bxf5 21. Rxf5 Bf6 22. Bxf6 Nxf6 23. Qf3 Nh7 24. Rf1 Ra7 25. Na5 Qd7 26. Nc6 Rb7 27. Ne5 Qe8 28. Ng4 Ng5 29. Qf4 Qxe4 30. Nxh6+ gxh6 31. Rxg5+ hxg5 32. Qxe4 Kg7 33. Qe5+ f6 34. Qd6 Kg6 1-0

[Event "Granby inv."]
[Site "Granby CAN"]
[Date "2017.09.19"]
[Round "1"]
[White "Beaudry, Marc-Andre"]
[Black "Leger, Manon"]
[Result "1-0"]
[Annotator ",Hugh"]
[WhiteElo "2040"]
[BlackElo "1897"]
[WhiteFideId "-1"]
[WhiteFideId "-1"]
[PlyCount "47"]
[GameId "2160767738660370"]
[EventDate "2017.09.19"]
[EventType "tourn"]
[EventRounds "6"]
[EventCountry "CAN"]
[SourceTitle "mab"]

1. e4 e5 2. Nf3 Nf6 3. Nxe5 d6 4. Nf3 Nxe4 5. Nc3 Nf6 6. d4 Be7 7. Bg5 O-O 8. Qd2 h6 9. Bf4 Bf5 10. d5 Nbd7 11. Nd4 Bh7 12. O-O-O Nc5 13. f3 a5 14. g4 Nfd7 15. Be3 Bh4 16. Nf5 Bxf5 17. gxf5 Re8 18. Rg1 Kh7 19. Kb1 Bf6 20. Bb5 Re5 21. Rg3 Rxf5 22. Ne4 c6 23. dxc6 Nxe4 24. fxe4 {etc. (29)} 1-0

[Event "Granby inv."]
[Site "Granby CAN"]
[Date "2017.09.26"]
[Round "2"]
[White "Beaudry, Marc-Andre"]
[Black "Leger, Maxime"]
[Result "1/2-1/2"]
[Annotator ",Hugh"]
[WhiteElo "2040"]
[BlackElo "1866"]
[WhiteFideId "-1"]
[WhiteFideId "-1"]
[PlyCount "63"]
[GameId "2160767738660371"]
[EventDate "2017.09.19"]
[EventType "tourn"]
[EventRounds "6"]
[EventCountry "CAN"]
[SourceTitle "mab"]

1. e4 c5 2. Nf3 g6 3. c4 Bg7 4. d4 cxd4 5. Nxd4 Nc6 6. Be3 Nf6 7. Nc3 O-O 8. Be2 d6 9. O-O Nxd4 10. Bxd4 Be6 11. Qd2 Qa5 12. Rfd1 Nd7 13. Nd5 Qd8 14. Be3 Bxd5 15. exd5 Re8 16. Rab1 Nc5 17. Bf3 Rc8 18. b4 Nd7 19. Rdc1 Rc7 20. c5 Qb8 21. c6 Ne5 22. b5 Nxf3+ 23. gxf3 bxc6 24. bxc6 Qc8 25. Qa5 e6 26. Bd2 exd5 27. Qxd5 Re6 28. Bf4 Bf8 29. Rc3 Rf6 30. Bg3 Rf5 31. Qe4 Rg5 32. Kh1 {etc. (39)} 1/2-1/2

[Event "Granby inv."]
[Site "Granby CAN"]
[Date "2017.10.03"]
[Round "3"]
[White "Beaudry, Marc-Andre"]
[Black "Marcone, Malcom"]
[Result "0-1"]
[Annotator ",Hugh"]
[WhiteElo "2040"]
[BlackElo "1876"]
[WhiteFideId "-1"]
[WhiteFideId "-1"]
[PlyCount "56"]
[GameId "2160767738660372"]
[EventDate "2017.09.19"]
[EventType "tourn"]
[EventRounds "6"]
[EventCountry "CAN"]
[SourceTitle "mab"]

1. d4 Nf6 2. c4 e6 3. Nc3 Bb4 4. f3 O-O 5. a3 Bxc3+ 6. bxc3 Ne8 7. e4 b6 8. Bd3 Ba6 9. Nh3 Nc6 10. O-O Na5 11. Qe2 c5 12. e5 f6 13. Ra2 d5 14. exf6 Nxf6 15. Qxe6+ Kh8 16. Ng5 Qe8 17. Re2 Qxe6 18. Nxe6 Rfc8 19. dxc5 Bxc4 20. Bxc4 Nxc4 21. Bf4 Nxa3 22. Nc7 Rab8 23. c6 b5 24. Re7 Rb6 25. Ra1 Nc4 26. Rxa7 Rxc6 27. Nxb5 Nh5 28. Nd4 Rg6 {etc. (59)} 0-1

[Event "Granby inv."]
[Site "Granby CAN"]
[Date "2017.10.17"]
[Round "4"]
[White "Leger, Manon"]
[Black "Beaudry, Marc-Andre"]
[Result "1/2-1/2"]
[WhiteElo "1897"]
[BlackElo "2040"]
[WhiteFideId "-1"]
[WhiteFideId "-1"]
[PlyCount "56"]
[GameId "2160767908330304"]
[EventDate "2017.09.19"]
[EventType "tourn"]
[EventRounds "6"]
[EventCountry "CAN"]
[SourceTitle "mab"]

1. e4 c5 2. Nf3 d6 3. d4 cxd4 4. Nxd4 Nf6 5. Nc3 a6 6. Bg5 e6 7. f4 Qb6 8. Nb3 Nbd7 9. Qf3 Qc7 10. O-O-O b5 11. a3 Rb8 12. Bd3 b4 13. axb4 Rxb4 14. Rhe1 Be7 15. Kb1 h6 16. Bh4 e5 17. Bxf6 Nxf6 18. f5 Bd7 19. Bxa6 O-O 20. Bd3 Bc6 21. g4 Rfb8 22. h4 Nd7 23. g5 hxg5 24. hxg5 Bxg5 25. Qh5 Bh6 26. Rg1 Kf8 27. Qe2 Nf6 28. Rh1 Qb7 1/2-1/2

[Event "Granby inv."]
[Site "Granby CAN"]
[Date "2017.10.24"]
[Round "5"]
[White "Beaudry, Marc-Andre"]
[Black "Marcone, Malcom"]
[Result "1-0"]
[WhiteElo "2040"]
[BlackElo "1876"]
[WhiteFideId "-1"]
[WhiteFideId "-1"]
[PlyCount "56"]
[GameId "2160767908330305"]
[EventDate "2017.09.19"]
[EventType "tourn"]
[EventRounds "6"]
[EventCountry "CAN"]
[SourceTitle "mab"]

1. c4 e5 2. Nc3 Nf6 3. Nf3 Nc6 4. e3 Bb4 5. Qc2 O-O 6. Nd5 Re8 7. Ng5 g6 8. h4 Bf8 9. Be2 h6 10. Nxf6+ Qxf6 11. Ne4 Qe6 12. g4 Nb4 13. Qb3 f5 14. gxf5 gxf5 15. Rg1+ Kh8 16. Ng3 b5 17. d3 bxc4 18. dxc4 Rb8 19. a3 Nc6 20. Qc2 e4 21. Nh5 Ne5 22. Bd2 Kh7 23. Bc3 Re7 24. O-O-O Bg7 25. Rg3 Ba6 26. Rdg1 Bh8 27. Nf4 Qc6 28. Nd5 Re6 1-0